Wszystkie Rollercoastery w Energylandii - Statystyki

Ogólne statystyki
  • Ten quiz został rozwiązany 152 razy
  • Średni wynik to 11 z 19
Statystyki odpowiedzi
Data Otwarcia Strefa Rodzaj Kolejki Nazwa Kolejki % Poprawnych
14 Lipca 2018 Ekstremalna Stalowy Hyper Coaster Hyperion
97%
22 Sierpnia 2019 Smoczy Gród Hybrydowy Hyper Coaster Zadra
95%
14 Lipca 2021 Aqualantis Stalowy Multi-Launched Coaster Abyssus
80%
12 Września 2015 Ekstremalna Stalowa Odwrócona Mayan
80%
25 Czerwca 2016 Ekstremalna Stalowy Launched Coaster Formuła
79%
Maj 2015 Bajkolandia Stalowa Rodzinna Energuś
78%
4 Czerwca 2015 Familijna Stalowa Rodzinna Odwrócona Dragon
74%
2 Kwietnia 2018 Ekstremalna Stalowy Water Coaster Speed
73%
14 Lipca 2021 Aqualantis Stalowy Rodzinny Shuttle Coaster Light Explorers
61%
20 Lipca 2019 Smoczy Gród Stalowa Rodzinna Frida
57%
29 Kwietnia 2017 Familijna Stalowy Rodzinny Shuttle Coaster Boomerang
52%
14 Lipca 2014 Ekstremalna Stalowy Spinning Coaster Viking
48%
20 Lipca 2019 Smoczy Gród Stalowa Dziecięca Draken
35%
Lipiec/Sierpień 2014 Familijna Stalowa Dziecięca Mars
30%
Planowane 2024 Sweet Valley Stalowy Mine Train Choco Chip Creek
27%
Czerwiec 2017 Bajkolandia Dziecięcy Spinning Coaster Happy Loops
26%
Sierpień 2014 Familijna Stalowa Dziecięca Frutti Loop
22%
Czerwiec 2017 Bajkolandia Dziecięcy Powered Coaster Circus Coaster
20%
Planowane 2024 Sweet Valley Stalowa Rodzinna Honey Harbour
17%
Nie znaleziono quizów pasujących do podanych kryteriów
Rozkład punktacji
Procent ludzi z każdym wynikiem
Percentyl według liczby udzielonych odpowiedzi
Twoja historia wyników
Nie rozwiązałeś tego quizu